Who put that hair in my toothbrush?

Bibliographic Details
Main Author: Spinelli, Jerry
Format: Book
Published: New York : Little, Brown and Company , 1984
Subjects:

MARC

LEADER 00000cam a2200000 7i4500
001 0000009981
005 20160330.0
008 071009
020 |a 0316806870 
090 0 0 |a SPI   |b ENG (8395) 
100 1 |a Spinelli, Jerry 
245 1 0 |a Who put that hair in my toothbrush?   |c Jerry Spinelli 
260 |a New York :   |b Little, Brown and Company ,   |c 1984 
500 |a Teenager ages 13-18 years old (blue) 
650 0 |a Brother and sisters   |x Fiction 
650 0 |a English fiction 
650 0 |a Sibling rivalry   |x Fiction 
999 |a 0000996364   |b Book   |c Teenagers   |e Perbadanan Perpustakaan Awam Johor 
999 |a 0000996365   |b Book   |c Teenagers   |e Perbadanan Perpustakaan Awam Johor